00851cam a22002291 4500001001300000003000400013005001700017008004100034010001700075035002000092040004300112041001300155042001200168050002100180110005100201245008600252260007500338300004000413500010100453651005000554999001700604s 40000043 DLC20260227111912.0880316s1939 po 000 0 por c as 40000043  a(OCoLC)17637741 aSmithsonian InstitutioncCoUdCoUdDLC1 aenghpor apremarc00aJN8502 1939b.A51 aPortugal.bSecretariado da Propaganda Nacional10aPortugal, the new state, in theory and in practice.bNew York World's fair, 1939. a[Lisbon, Portugal,bPrinted in "Editorial Império, limitada,"c1939] a2 p. l., 7-68, [1] p., 1 l.c21 cm. aA completely revised translation of O estado novo, principios o realizações, issued in 1937. 0aPortugalxPolitics and governmenty1933-1974. c52755d52755